| 000 | 00671nam a2200205 a 4500 | ||
|---|---|---|---|
| 005 | 20210223132659.0 | ||
| 008 | 150731s2010 mx r 000 0 spa d | ||
| 020 | _a9786074171655 (IBERO) | ||
| 020 | _a9786074861204 (CIESAS) | ||
| 035 | _aUPN01000204695 | ||
| 049 | _aCG | ||
| 050 | 4 |
_aGN29 _bC7.6 |
|
| 245 | 0 | 0 |
_aCrónicas culturales : _binvestigaciones de campo a largo plazo en antropología / _ced. Robert V. Kemper. |
| 260 |
_aMéxico : _bUniversidad Iberoamericana : _bCIESAS, _c2010. |
||
| 300 |
_a381 p. : _bil., figs., tablas |
||
| 650 | 4 |
_aANTROPOLOGIA - _xINVESTIGACION _94770 |
|
| 700 | 1 |
_aKemper, Robert V., _eed. |
|
| 905 | _aLibro | ||
| 999 |
_c176796 _d176796 |
||